000 00653nam a2200229Ia 4500
003 OSt
005 20221007063914.0
006 a|||||r|||| 00| 0
007 ta
008 221006b |||||||| |||| 00| 0 eng d
024 _a29,838
037 _cTextual
040 _aFLL
_cFLL
_beng
041 _2eng
_aeng
082 _aZ262:111, B8
100 _aTrevelyan Ernest John
_9684929
245 0 _aLaw relating to minors in the presidency of Bengal
260 _aCalcutta
_bThacker, Spink,And Co. India
_c1878
300 _axxiv,491p
_ccm.
942 _hZ262:111, B8
_cTEXL
_2CC
999 _c1132518
_d1132518